| 000 | 00549cam a22002053a 4500 | ||
|---|---|---|---|
| 001 | 43149 | ||
| 003 | PGUSA | ||
| 005 | 20140828084000.0 | ||
| 008 | 130708s2013||||xxu|||||s|||||000 | eng d | ||
| 040 |
_aPGUSA _beng |
||
| 042 | _adc | ||
| 100 | 1 | _aColeridge, C.R. | |
| 245 | 1 | 0 |
_aWaynflete _h[electronic resource] / _cC.R. Coleridge |
| 260 |
_bProject Gutenberg, _c2013 |
||
| 506 | _aPublic domain in the USA. | ||
| 516 | _aElectronic text | ||
| 830 | 0 |
_aProject Gutenberg _v43149 |
|
| 856 | 4 | 0 | _uhttp://www.gutenberg.org/ebooks/43149 |
| 942 | _cEB | ||
| 999 |
_c272400 _d272400 |
||